Der 1. Turkologische Kongress in Baku 26. II. bis 6. III. 1926 /

Elmentve itt :
Bibliográfiai részletek
Szerző: Menzel Theodor
Dokumentumtípus: Cikk
Megjelent: de Gruyter Berlin 1927
Sorozat:Der Islam
Kulcsszavak:Turkológia - konferencia - beszámoló
Tárgyszavak:
Online Access:http://misc.bibl.u-szeged.hu/63719
LEADER 00751nab a2200217 i 4500
001 misc63719
005 20240916100036.0
008 220802s1927 hu o 000 ger d
040 |a SZTE Miscellanea Repozitórium  |b hun 
041 |a ger 
100 1 |a Menzel Theodor 
245 1 4 |a Der 1. Turkologische Kongress in Baku   |h [elektronikus dokumentum] :  |b 26. II. bis 6. III. 1926 /  |c  Menzel Theodor 
260 |a de Gruyter  |b Berlin  |c 1927 
300 |a [135] p.  |c 26 cm 
490 0 |a Der Islam 
561 |a Németh Gyula hagyaték 
591 |a NOA 3650 
650 4 |a Bölcsészettudományok 
650 4 |a Nyelvek és irodalom 
695 |a Turkológia - konferencia - beszámoló 
856 4 0 |u http://misc.bibl.u-szeged.hu/63719/1/3650_noa_m53.pdf  |z Dokumentum-elérés